| 000 | 01281nab a22002417a 4500 | ||
|---|---|---|---|
| 999 |
_c5694 _d5694 |
||
| 003 | OSt | ||
| 005 | 20251227010101.0 | ||
| 008 | 190603e xxum|||| |||| 00| 0 spa d | ||
| 040 | _cPJ | ||
| 100 |
_aAbdelnabe Vila, María Carolina _96226 |
||
| 245 | 1 | 0 |
_aSoldados de primera fila : _blos desafíos de la inteligencia artificial generativa / _cMaría Carolina Abdelnabe Vila. |
| 260 |
_cCiudad Autónoma de Buenos Aires : _aThomson Reuters La Ley, _b2025. |
||
| 300 | _ap. 333-338 | ||
| 500 | _aCita: TR LALEY AR/DOC/1767/2025 Publicado en: RCCyC 2025 (agosto). | ||
| 505 | _aSumario: I. Introducción.— II. ¿A qué nos referimos cuando hablamos de la inteligencia artificial generativa?— III. Identificación de los desafíos para poder encontrar sus soluciones.— IV. Conclusiones: ¿existe en verdad una amenaza fantasma? | ||
| 505 | _t¿Te interesa el texto completo? Solicitalo al correo: koha@justierradelfuego.gov.ar | ||
| 650 | 0 |
_91497 _aCODIGO CIVIL Y COMERCIAL |
|
| 650 | 0 |
_95817 _aINTELIGENCIA ARTIFICIAL |
|
| 650 | 0 |
_96081 _aCIENCIA Y TECNOLOGÍA |
|
| 650 | 0 |
_9273 _aDERECHO INFORMATICO |
|
| 773 | 0 |
_02713 _93170 _dCiudad Autónoma de Buenos Aires : Thomson Reuters La Ley, 2015- _tRevista Código Civil y Comercial. Nº 4 - Agosto 2025 |
|
| 942 |
_2udc _cANA |
||